Ras Shamra parallels / 3
| Format: | Print Book |
|---|---|
| Language: | Hebrew Ugaritic Akkadian English |
| Subito Delivery Service: | Order now. |
| Check availability: | HBZ Gateway |
| WorldCat: | WorldCat |
| Interlibrary Loan: | Interlibrary Loan for the Fachinformationsdienste (Specialized Information Services in Germany) |
| Published: |
Roma
Pontificium Inst. Biblicum
1981
|
| In: |
Ras Shamra parallels the texts from Ugarit and the Hebrew Bible
Year: 1981 |
| Reviews: | Ras Shamra Parallels. The Texts from Ugarit and the Hebrew Bible III (1984) (Bernhardt, Karl-Heinz, 1927 - 2004)
REVIEWS (1983) (Segret, Stanislav) Ras Shamra Parallels. The Texts from Ugarit and the Hebrew Bible III (1984) (Bernhardt, Karl-Heinz, 1927 - 2004) |
| Volumes / Articles: | Show volumes/articles. |
| Series/Journal: | Analecta orientalia
51 |
MARC
| LEADER | 00000cam a2200000 cc4500 | ||
|---|---|---|---|
| 001 | 1076066313 | ||
| 003 | DE-627 | ||
| 005 | 20250602101148.0 | ||
| 007 | tu | ||
| 008 | 850101s1981 xx ||||| 00| ||heb c | ||
| 020 | |a 887653251X |9 88-7653-251-X | ||
| 035 | |a (DE-627)1076066313 | ||
| 035 | |a (DE-576)006066313 | ||
| 035 | |a (DE-599)BSZ006066313 | ||
| 035 | |a (OCoLC)233581133 | ||
| 040 | |a DE-627 |b ger |c DE-627 |e rakwb | ||
| 041 | |a heb |a uga |a akk |a eng | ||
| 084 | |a 6,22 |a 1 |2 ssgn | ||
| 084 | |a 1 |2 ssgn | ||
| 245 | 0 | 0 | |a Ras Shamra parallels |n 3 |c Loren R. Fisher, ed. |
| 264 | 1 | |a Roma |b Pontificium Inst. Biblicum |c 1981 | |
| 300 | |a xiii, 618 S. | ||
| 336 | |a Text |b txt |2 rdacontent | ||
| 337 | |a ohne Hilfsmittel zu benutzen |b n |2 rdamedia | ||
| 338 | |a Band |b nc |2 rdacarrier | ||
| 490 | 1 | |a Analecta orientalia |v 51 | |
| 500 | |a Published under the auspices of The Institute for Antiquity and Christianity, Claremont, Calif.; In Memoriam James L. Bruce | ||
| 583 | 1 | |a Archivierung/Langzeitarchivierung gewährleistet |f SSG |x XA-DE-BW |2 pdager |5 DE-21 | |
| 773 | 1 | 8 | |a Ras Shamra parallels the texts from Ugarit and the Hebrew Bible |w (DE-627)1076066283 |w (DE-576)006066283 |g 3 |q 3 |7 nnam |
| 787 | 0 | 8 | |i Rezension |a Bernhardt, Karl-Heinz, 1927 - 2004 |t Ras Shamra Parallels. The Texts from Ugarit and the Hebrew Bible III |d 1984 |w (DE-627)1452667276 |w (DE-576)382667271 |
| 787 | 0 | 8 | |i Rezensiert in |a Segret, Stanislav |t REVIEWS |d 1983 |w (DE-627)1783871628 |
| 787 | 0 | 8 | |i Rezensiert in |a Bernhardt, Karl-Heinz, 1927 - 2004 |t Ras Shamra Parallels. The Texts from Ugarit and the Hebrew Bible III |d 1984 |w (DE-627)1521094292 |w (DE-576)451094298 |
| 830 | 0 | |a Analecta orientalia |v 51 |9 51 |w (DE-627)130008524 |w (DE-576)015554341 |w (DE-600)417948-1 |7 am | |
| 889 | |w (DE-576)520045637 | ||
| 889 | |w (DE-627)1590045637 | ||
| 935 | |a mteo |a BIIN | ||
| 951 | |a MV | ||
| ACO | |a 1 | ||
| BIB | |a 1 | ||
| ELC | |b 1 | ||
| ITA | |a 1 |t 1 | ||
| LOK | |0 000 xxxxxcx a22 zn 4500 | ||
| LOK | |0 001 2047104408 | ||
| LOK | |0 003 DE-627 | ||
| LOK | |0 004 1076066313 | ||
| LOK | |0 005 20190307091617 | ||
| LOK | |0 008 001120||||||||||||||||ger||||||| | ||
| LOK | |0 040 |a DE-21 |c DE-627 |d DE-21 | ||
| LOK | |0 689 |a s |a Sprache: Akkadisch | ||
| LOK | |0 689 |a s |a Sprache: Ugaritisch | ||
| LOK | |0 852 |a DE-21 | ||
| LOK | |0 852 1 |c 12 B 1012-3 |9 00 | ||
| LOK | |0 935 |a konv |a theo | ||
| LOK | |0 939 |a 20-11-00 |b l01 | ||
| LOK | |0 000 xxxxxcx a22 zn 4500 | ||
| LOK | |0 001 2047104424 | ||
| LOK | |0 003 DE-627 | ||
| LOK | |0 004 1076066313 | ||
| LOK | |0 005 20231130064242 | ||
| LOK | |0 008 960927||||||||||||||||ger||||||| | ||
| LOK | |0 040 |a DE-21-35 |c DE-627 |d DE-21-35 | ||
| LOK | |0 541 |e 1982/67339 | ||
| LOK | |0 852 |z Mit 50 zsgeb. | ||
| LOK | |0 852 |a DE-21-35 | ||
| LOK | |0 852 1 |c Hg 29.11-50.51 |m p |9 00 | ||
| LOK | |0 938 |k p | ||
| LOK | |0 939 |a 27-09-96 |b l01 | ||
| LOK | |0 000 xxxxxcx a22 zn 4500 | ||
| LOK | |0 001 2509497073 | ||
| LOK | |0 003 DE-627 | ||
| LOK | |0 004 1076066313 | ||
| LOK | |0 005 20090121171700 | ||
| LOK | |0 008 060601||||||||||||||||ger||||||| | ||
| LOK | |0 040 |a DE-21-11 |c DE-627 |d DE-21-11 | ||
| LOK | |0 541 |e A82-002 | ||
| LOK | |0 852 |a DE-21-11 | ||
| LOK | |0 852 1 |c AOR C AnOr 51 |m p |9 00 | ||
| LOK | |0 935 |a k011 |a i011 |a kneu |a aori | ||
| LOK | |0 938 |k p | ||
| LOK | |0 939 |a 01-06-06 |b l01 | ||
| LOK | |0 000 xxxxxcx a22 zn 4500 | ||
| LOK | |0 001 3060329133 | ||
| LOK | |0 003 DE-627 | ||
| LOK | |0 004 1076066313 | ||
| LOK | |0 005 20240323204220 | ||
| LOK | |0 008 190311||||||||||||||||ger||||||| | ||
| LOK | |0 035 |a (DE-Tue135-1)35452 | ||
| LOK | |0 040 |a DE-Tue135-1 |c DE-627 |d DE-Tue135-1 | ||
| LOK | |0 852 |a DE-Tue135-1 | ||
| LOK | |0 852 1 |c AT07606 |m p |9 00 | ||
| LOK | |0 852 2 |b 16/3 |9 00 | ||
| LOK | |0 935 |a iALT | ||
| LOK | |0 938 |k p | ||
| LOK | |0 938 |l Published under the auspices of The Institute for Antiquity and Christianity, Claremont, Calif.; In Memoriam James L. Bruce |8 0 | ||
| LOK | |0 939 |a 11-03-19 |b l12 | ||
| ORI | |a SA-MARC-ixtheoa001.raw | ||
| REL | |a 1 | ||
| SPR | |a 1 |t BIB |t IXT |t REL | ||
| SUB | |a BIB |a REL | ||



